000 00660nam a22002417a 4500
003 OSt
005 20140310182438.0
008 130311t xxu||||| |||| 00| 0 eng d
020 _a9711202700
050 _aRC 270.3
_b.B887 2006
100 _aBruce-Gregorios, Jocelyn H.
_97406
245 _aHistopathologic techniques /
_cJocelyn H. Bruce-Gregorios.
250 _a2nd ed.
260 _aQuezon City :
_bGoodwill Trading Co.,
_cc2006.
300 _a356 p. :
_bill. ;
_c25 cm.
650 _aHistopathologic.
_97413
942 _2lcc
_cSSLC
999 _c13480
_d13480